Statistics for 5 Seconds of Summer song

Click here to take the quiz!

General Stats

  • This quiz has been taken 140 times
  • The average score is 25 of 40

Answer Stats

Hint Answer % Correct
Dressed up as superheroes for the music videoDon't Stop
94%
She lies awake, trying to find the words to sayBeside You
84%
She's got me waiting in a queue for a bar I can't get into18
80%
Michael wants another slicePizza
80%
So we're taking the ____ ___ ____, 'cos I don't want to be wasting my time aloneLong Way Home
80%
How'd we end up talking in the first place, you said you liked my Cobain shirtEnd Up Here
80%
Do Do Do Do Do Do Do Do Do DoGood Girls
80%
She's 17 I told her I'm 20Try Hard
77%
Green Day CoverAmerican Idiot
77%
First single releasedShe Looks So Perfect
76%
Tell me where you're hiding your ______ ____ 'cause I can't control myselfVoodoo Doll
75%
Taking every breath away, from all the letters that I've savedEverything I Didn't Say
75%
When the lights go out, she's all I ever think about. The picture burning in my brain, kissing in the rainEnglish Love Affair
75%
You're the reason ___ ____ _______The Only Reason
75%
Here's to teenage memoriesKiss Me Kiss Me
70%
Don't want to be a victim of authority, I'll always be a part of the minoritySocial Casualty
69%
Walk my way ___ ___ ________Mrs All American
69%
Without you I'm a ____ ___, come find me I'm a ____ ___Lost Boy
67%
He's read every comic, he's addicted to TwilightDaylight
67%
What was I thinking, everyone ones sees it. It's not a secret that I'm just a ______.Reject
64%
We'll _____ __ as young as we are now, it's time to leave this old black and white townNever Be
63%
Break the plans we had before, let's be _____________.Unpredictable
61%
Blink-182 CoverI Miss You
59%
Making all our plans in the Santa Cruz sand that night, I thought I had you in the palm of my hands that nightWrapped Around Your Finger
58%
Six weeks since I've been awayClose As Strangers
56%
BBC 1 Radio song sung with Scott MillsHearts Upon Our Sleeves
55%
Every night I almost call you just to say it'll always will be youWherever You Are
54%
Oh the sun will rise, like a flame ignitesTomorrow Never Dies
52%
I've got the worst intentions, so call me over set me freeGreenlight
52%
Go ahead rip my heart out, show me what loves all aboutIf You Don't Know
51%
First single released in AustraliaOut of My Limit
51%
First song written by CalumGotta Get Out
49%
Was written by the Madden BrothersAmnesia
47%
The Romantics CoverWhat I Like About You
44%
I'm over this, I'm over you. I'm not going to waste my life awayIndependence Day
43%
Calum always announces this song by starting off by saying "We wrote this song in London and it's call ___________ ____"Heartbreak Girl
38%
Song released on the She Looks So Perfect EP, though only on the physical copyDisconnected
29%
B-Side track released with the Good Girls EPJust Saying
28%
All Time Low CoverJasey Rae
28%
Jealousy keeps containing me, in time you'll see just what we could beToo Late
21%

Score Distribution

Percentile by Number Answered

Percent of People with Each Score

Your Score History

You have not taken this quiz